Responses for Show #4865 - Friday, November 4, 2005

Maria Wenglinsky game 5.

Contestants

[<< previous game]

Kari Russ, an editor originally from Horseheads, New York

Shelley Fellner-Rosenberg, a psychotherapist from South Windsor, Connecticut

Maria Wenglinsky, a teacher originally from Salt Lake City, Utah (whose 4-day cash winnings total $111,700)

[next game >>]

Jeopardy! Round responses

HEAD NORTH
THERE'S SOMETHING ABOUT MARY
GOVERNMENT WORK
BIO SUBJECTS
UNUSUAL PETS
"OOP" THERE IT IS!
    $200 1
South Dakota

Shelley
    $200 7
Mary Lou Retton

Kari
    $200 6
a clerk

Maria
    $200 12
Howard Hughes

Maria
    $200 26
tigers

Shelley
    $200 18
a blooper

Kari
    $400 2
Massachusetts

Maria
    $400 8
Mary Robinson

Shelley
    $400 17
the chaplain

Shelley
    $400 13
(Shelley: Who is Washington?)

Jefferson

MariaShelley
    $400 27
(Alex: Yes, he was a sick kinda guy, wasn't he?)

a lobster

Maria
    $400 19
a stoop

Shelley
    $600 3
Georgia & Alabama

Maria
    $600 9
Mary Wells

Kari
    $600 23
U.S. attorneys

Kari
    $600 14
(Alex: The creator of Peter Pan, yes.)

J.M. Barrie

Maria
    $600 28
crickets

Maria
    $600 20
paratroopers

Maria
    $1,000 4
(Alex: What is... correct!)

Idaho & Oregon

Maria
    $800 10
Mary Bono

Shelley
    $800 24
a patent examiner

Maria
    $800 15
Jack Johnson

Triple Stumper
    $800 29
(Kari: What is a crocodile?)

a boa (constrictor)

MariaKari
    $800 21
a whooping crane

Maria
    $1000 5
Kentucky

Shelley
    $1000 11
Mary Engelbreit

Triple Stumper
    $1000 25
Pushtu

Maria
    $1000 16
(Christopher) Wren

Maria
    $1000 30
(Maria: What is a weasel?)
(Shelley: What is a skunk?)

a ferret

MariaShelleyKari
    $1000 22
James Fenimore Cooper

Maria

Scores at the first commercial break (after clue 16):

Maria Shelley Kari
$4,400 $2,000 $800

Scores at the end of the Jeopardy! Round:

Maria Shelley Kari
$9,400 $2,000 $1,800

Double Jeopardy! Round responses

ANCIENT TIMES
WORLD WAR II MOVIES
BABY BOOKS
THE BOUNTY OF THE PIG
"T" ZONES
FOWL LANGUAGE
    $400 21
the Temple

Maria
    $400 16
From Here to Eternity

Maria
    $400 11
The Baby-sitters Club

Kari
    $400 2
bacon

Kari
    $400 1
Tanzania

Maria
    $400 26
(Alex: Notice the spelling of fowl, [*]. Dealing with birds, obviously.)

cocky

Triple Stumper
    $800 22
Plato

Maria
    $800 17
Catch-22

Kari
    $800 12
Million Dollar Baby

Triple Stumper
    $800 7
casings

Kari
    $800 3
Taiwan

Kari
    $800 27
The Partridge Family

Kari
    $1200 23
Amon

Maria
    $1200 18
Enemy at the Gates

Triple Stumper
    $2,400 13
(Kari: What is a nanny?)
(Alex: No, but you're close. What is [*]? Baby catcher, catch 'em as they come out.)

a midwife

Kari
    $1200 8
the jowl

Triple Stumper
    $1200 4
(Maria: What is Turkmenistan?)

Tajikistan

MariaShelley
    $1200 28
the henpecked

Triple Stumper
    $1600 24
the Olmecs

Maria
    $1600 19
(Alex: That fun film was called [*]. Lee Marvin led them.)

The Dirty Dozen

Triple Stumper
    $1600 14
Rosemary's Baby

Shelley
    $1,800 9
(Kari: What is goat cheese?)

headcheese

Kari
    $1600 5
Turin

Maria
    $1600 29
the turkey trot

Triple Stumper
    $2000 25
a stoa

Maria
    $2000 20
Memphis Belle

Maria
    $2000 15
Tar Baby

Kari
    $2000 10
pulled pork

Shelley
    $2000 6
Tenochtitlán

Maria
    $2000 30
wild goose chase

Triple Stumper

Scores at the end of the Double Jeopardy! Round:

Maria Shelley Kari
$20,600 $6,800 $3,600
(lock game)

[wagering suggestions for these scores]

Final Jeopardy! Round responses

PRECIOUS METALS
(Alex: [To Shelley] Thinking of Fort Knox, that's U.S. gold there, not from other countries.)
...
(Maria: I thought of Fort Knox too.)
(Alex: No, it's not too far from where you live, it's [*]. The Federal Reserve there--)
(Maria: Well, I didn't--)
(Alex: --has $90 billion. Let's find it.)
...
(Alex: Maria, relax for the next two weeks.)
(Maria: Thank you.)
(Alex: We'll see you then, and we hope that, uh, when we next see you, I'll be speaking to you from the RBC Center in Raleigh, North Carolina as we begin our College Championship. Take care.)
KariWhat is Tennesee?
$0
ShelleyWhat is Kentucky?
$400
MariaWhat is Kentucky?
$10,000
New York

Final scores:

Maria Shelley Kari
$10,600 $6,400 $3,600
5-day champion: $122,300 2nd place: $2,000 3rd place: $1,000

Game dynamics:

Coryat scores:

Maria Shelley Kari
$20,400 $6,800 $7,800
26 R
(including 1 DD),
2 W
10 R,
2 W
12 R,
3 W
(including 2 DDs)

Combined Coryat: $35,000

[game clues] [game scores] [suggest correction]

Game tape date: 2005-08-16
The J! Archive is created by fans, for fans. Scraping, republication, monetization, and malicious use prohibited; this site may use cookies and collect identifying information. See terms. The Jeopardy! game show and all elements thereof, including but not limited to copyright and trademark thereto, are the property of Jeopardy Productions, Inc. and are protected under law. This website is not affiliated with, sponsored by, or operated by Jeopardy Productions, Inc. Join the discussion at JBoard.tv.